000 00807nam a22002417a 4500
010 _aA-709393
020 _a85470537
_c960.00(set)
035 _aA-709393
037 _bCen Lib / Ret
040 _aDPL
_bEN
082 _a347.077
_bROW
100 _aRow, C. M.
245 _aLaw of injunctions :
_b temporary, mandatory & perpetual /
_cby C. M. Row ; R. G. Chaturvedi
250 _a7th ed
260 _aAllahabad
_bThe Law Book Compnay (P) Ltd
_c1994
270 _aSardar Patel Marg Post Box No. 1-004
_bAllahabad
_e211001
300 _a(v 1. cliii, 840 ; v 2. cxxxii, 888p)
_b27cm(Hb)
505 _av 1. Chapter 1-13 ; v 2 [chapters 14 to End]
650 _aInjunctions -- India.
650 _aInjunctions.
700 _aChaturvedi, R. G.
942 _2ddc
_cEN
_h347.077
_mROW
999 _c136816
_d136816